Do we care (Record no. 229571)
[ view plain ]
| 000 -LEADER | |
|---|---|
| fixed length control field | 01455nam a22002657a 4500 |
| 005 - DATE AND TIME OF LATEST TRANSACTION | |
| control field | 20260218153740.0 |
| 008 - FIXED-LENGTH DATA ELEMENTS--GENERAL INFORMATION | |
| fixed length control field | 240103b ||||| |||| 00| 0 eng d |
| 020 ## - INTERNATIONAL STANDARD BOOK NUMBER | |
| International Standard Book Number | 9780190125318 |
| 040 ## - CATALOGING SOURCE | |
| Transcribing agency | AL |
| 041 ## - LANGUAGE CODE | |
| Language code of text/sound track or separate title | English |
| 082 ## - DEWEY DECIMAL CLASSIFICATION NUMBER | |
| Edition number | 23 |
| Classification number | 362.10954 |
| Item number | RAOD |
| 100 ## - MAIN ENTRY--PERSONAL NAME | |
| Personal name | K Sujatha Rao |
| 100 ## - MAIN ENTRY--PERSONAL NAME | |
| 9 (RLIN) | 255631 |
| 245 ## - TITLE STATEMENT | |
| Title | Do we care |
| Remainder of title | : Indias Health System |
| 260 ## - PUBLICATION, DISTRIBUTION, ETC. | |
| Place of publication, distribution, etc. | New Delhi |
| Name of publisher, distributor, etc. | Oxford University Press |
| Date of publication, distribution, etc. | 2022 |
| 300 ## - PHYSICAL DESCRIPTION | |
| Extent | xxxiii,446p |
| Other physical details | PB |
| Dimensions | 21.5x14cm |
| 365 ## - TRADE PRICE | |
| Price type code | 6998 |
| Price amount | ₹520.00 |
| Currency code | ₹ |
| Unit of pricing | ₹650.00 |
| Price note | 20% |
| Price effective from | 30-12-2023 |
| 520 ## - SUMMARY, ETC. | |
| Summary, etc. | India's disproportionately skewed health budget emphasises the need to take a closer look at health statistics: we have the highest number of women dying at childbirth and under-five mortality rates. Drawing on her considerable experience as health secretary, Sujatha Rao gives us an insider perspective of India's health system.<br/><br/> |
| 521 ## - TARGET AUDIENCE NOTE | |
| Target audience note | Table of Contents<br/>Part 1<br/>India's Health System: Challenges and Constraints<br/>1. evolution of India's Health System<br/>2. Health Financing<br/>3. Governance: Impacting Health systems<br/>Part 2<br/>implementing policy: successes, failures and the road ahead<br/>4. scaling up to reverse the HIV/AIDS epidemic<br/>5. revitalizing rural primary healthcare<br/>6. making our future |
| 650 ## - SUBJECT ADDED ENTRY--TOPICAL TERM | |
| Topical term or geographic name entry element | Medical economics |
| 9 (RLIN) | 147200 |
| 650 ## - SUBJECT ADDED ENTRY--TOPICAL TERM | |
| Topical term or geographic name entry element | Public health |
| 9 (RLIN) | 147201 |
| 650 ## - SUBJECT ADDED ENTRY--TOPICAL TERM | |
| Topical term or geographic name entry element | Medical policy |
| 9 (RLIN) | 147202 |
| 650 ## - SUBJECT ADDED ENTRY--TOPICAL TERM | |
| Topical term or geographic name entry element | Rural health services |
| 9 (RLIN) | 147206 |
| 700 ## - ADDED ENTRY--PERSONAL NAME | |
| Personal name | Rao, K Sujatha |
| 9 (RLIN) | 147203 |
| 942 ## - ADDED ENTRY ELEMENTS (KOHA) | |
| Source of classification or shelving scheme | Dewey Decimal Classification |
| Koha item type | Book |
| Withdrawn status | Lost status | Source of classification or shelving scheme | Damaged status | Not for loan | Collection code | Home library | Current library | Date acquired | Source of acquisition | Cost, normal purchase price | Total Checkouts | Full call number | Barcode | Date last seen | Date last checked out | Cost, replacement price | Price effective from | Koha item type |
|---|---|---|---|---|---|---|---|---|---|---|---|---|---|---|---|---|---|---|
| Dewey Decimal Classification | Social Work | St Aloysius Library | St Aloysius Library | 01/03/2024 | Biblios Book Point Surathkal Mangalore 575014 | 520.00 | 2 | 362.10954 RAOD | 077019 | 10/30/2024 | 10/09/2024 | 650.00 | 01/03/2024 | Book |